|
|
|
|
| LEADER |
00000cam a2200000 a 4500 |
| 001 |
vtls001316354 |
| 003 |
SK-MaSNL |
| 005 |
20260301200129.0 |
| 008 |
251113s1925 xo 00000 slo |
| 015 |
|
|
|a SNBA1925
|
| 035 |
|
|
|a SNK000268861
|
| 040 |
|
|
|a SNK
|b slo
|c SNK
|e AACR2
|
| 041 |
1 |
|
|a slo
|h cze
|
| 044 |
|
|
|a xo
|c SK
|
| 080 |
|
|
|a 943.76"08/09"
|2 1981
|
| 245 |
0 |
0 |
|a Obrazy z dávnej minulosti Slovákov
|b Rastislav, Svätopluk a Metod
|c na poučenie svojich slovenských rodákov z diela Václava Novotného "Dějiny české" poslovenčil Julius Botto. O štátnej jednote Slovákov a Čechov pred tisíc rokmi : dejepisná rozprava / napísal Julius Botto
|
| 260 |
|
|
|a Rimavská Sobota
|b Miestny odbor Matice slovenskej
|c 1925
|e Rimavská Sobota
|f KÚS
|
| 300 |
|
|
|a 119 s.
|c 20 cm
|
| 490 |
1 |
|
|a Matičná knižnica
|v Ročník 1, číslo 4-5
|
| 648 |
|
7 |
|a 9.-10. storočie
|2 SNKPH
|9 376365
|
| 650 |
0 |
7 |
|a Slováci
|2 SNKPH
|9 22552
|
| 651 |
|
7 |
|a Veľká Morava
|2 SNKPHgeo
|9 66060
|
| 655 |
|
7 |
|a štúdie
|2 SNKPH
|9 57033
|
| 700 |
1 |
|
|a Botto, Július,
|d 1848-1926
|4 trl
|9 151178
|
| 700 |
1 |
2 |
|a Novotný, Václav,
|d 1869-1932
|t Dějiny české
|l Slovensky
|9 578901
|
| 700 |
1 |
2 |
|a Botto, Július,
|d 1848-1926
|t O štátnej jednote Slovákov a Čechov pred tisíc rokmi
|9 578902
|
| 830 |
|
0 |
|a Matičná knižnica
|9 578903
|
| 852 |
|
|
|a Slovenská národná knižnica
|
| 958 |
|
|
|a OND
|
| 999 |
|
|
|c 889092
|d 891022
|
| 952 |
|
|
|t P60, <03>, [BOOK], {603}
|a SNK
|b SNK
|y PREZ
|7 0
|p 17A0500557
|o snkSD 13062
|i snk1070/57
|0 0
|1 0
|4 0
|d 1998-01-14
|l 0
|r 2025-11-26 00:00:00
|w 2026-02-24
|
| 952 |
|
|
|t P60, <04>, [BOOK], {604}
|a SNK
|b SNK
|y VYP
|7 0
|p 17A0317989
|o snkSD 13062 D1
|i snkKSF 187/59
|0 0
|1 0
|4 0
|d 1998-01-14
|l 0
|r 2005-01-02 00:00:00
|w 2026-02-24
|
| 952 |
|
|
|t P60, <04>, [BOOK], {604}
|a SNK
|b SNK
|y VYP
|7 0
|o snkSD 13062 D2
|i snkD 2313/60
|0 0
|1 0
|4 0
|d 1998-01-14
|l 0
|r 2005-01-02 00:00:00
|w 2026-02-24
|
| 952 |
|
|
|t P60, <04>, [BOOK], {604}
|a SNK
|b SNK
|y VYP
|7 0
|p 17A0116504
|o snkSD 13062 D3
|i snkF 371/98
|0 0
|1 0
|4 0
|d 1998-01-14
|l 0
|r 2005-01-02 00:00:00
|w 2026-02-24
|